000 00283nam a2200121Ia 4500
008 190216s9999||||xx |||||||||||||| ||und||
100 _aNull
245 0 _aSolved Papers
260 _bThe Bank Men Faculty Council
_c1978
300 _a54
650 _aGeneral Libraries
942 _cREF
999 _c35882
_d35882